[Event "DVM U14 2020"]
[Site "Willingen GER"]
[Date "2021.06.24"]
[Round "2"]
[White "Natebus, Wenzel"]
[Black "Kort, Felix"]
[Result "0-1"]
[Termination "normal"]
[Board "6.4"]
[WhiteElo "1552"]
[BlackElo "1850"]
[WhiteClock "00:26:12"]
[BlackClock "00:43:49"]
[WhiteTeam "USV Halle"]
[BlackTeam "Hamburger SK von 1830"]
[PlyCount "32"]
[WhiteFideId "34600787"]
[BlackFideId "16220129"]
[EventCountry "GER"]
[EventRounds "7"]
[EventType "team-swiss"]
[EventDate "2021.06.23"]

1. f4 {[%clk 1:30:58]} 1... d5 {[%clk 1:30:37]} 2. Nf3 {[%clk 1:31:19]} 2... c5
{[%clk 1:30:40]} 3. g3 {[%clk 1:31:22]} 3... g6 {[%clk 1:30:27]} 4. Bg2 { [%clk
1:31:33]} 4... Bg7 {[%clk 1:30:41]} 5. d3 {[%clk 1:31:55]} 5... Nf6 { [%clk
1:29:17]} 6. O-O {[%clk 1:32:13]} 6... O-O {[%clk 1:28:39]} 7. Re1 { [%clk
1:32:38]} 7... Nc6 {[%clk 1:27:44]} 8. Be3 {[%clk 1:28:41]} 8... Ng4 { [%clk
1:21:31]} 9. Bc1 {[%clk 1:20:16]} 9... Qb6 {[%clk 1:09:48]} 10. c3 { [%clk
1:01:58]} 10... d4 {[%clk 0:53:07]} 11. Qc2 {[%clk 0:53:32]} 11... c4 { [%clk
0:48:51]} 12. cxd4 {[%clk 0:28:42]} 12... Bxd4+ {[%clk 0:45:38]} 13. Nxd4
{[%clk 0:29:05]} 13... Nxd4 {[%clk 0:45:50]} 14. Be3 {[%clk 0:25:36]} 14...
Nxe3 {[%clk 0:44:36]} 15. Qd2 {[%clk 0:26:05]} 15... Ndc2 {[%clk 0:44:13]} 16.
Rc1 {[%clk 0:26:12]} 16... c3 {[%clk 0:43:49]} 0-1

[Event "DVM U14 2020"]
[Site "Willingen GER"]
[Date "2021.06.24"]
[Round "2"]
[White "Elstner, Florian"]
[Black "Abou Wally, Adrian"]
[Result "1/2-1/2"]
[Termination "normal"]
[Board "7.1"]
[WhiteElo "1526"]
[BlackElo "1482"]
[WhiteClock "00:19:09"]
[BlackClock "00:15:28"]
[WhiteTeam "Schachklub König Plauen"]
[BlackTeam "SV Schott Jena"]
[PlyCount "93"]
[WhiteFideId "16247264"]
[BlackFideId "16245113"]
[EventCountry "GER"]
[EventRounds "7"]
[EventType "team-swiss"]
[EventDate "2021.06.23"]

1. d4 {[%clk 1:30:57]} 1... d5 {[%clk 1:30:58]} 2. c4 {[%clk 1:31:21]} 2... e6
{[%clk 1:31:25]} 3. Nc3 {[%clk 1:31:47]} 3... Nf6 {[%clk 1:31:41]} 4. Bg5 {
[%clk 1:32:06]} 4... Be7 {[%clk 1:31:40]} 5. e3 {[%clk 1:32:30]} 5... O-O {
[%clk 1:32:02]} 6. cxd5 {[%clk 1:32:52]} 6... exd5 {[%clk 1:31:47]} 7. Bd3 {
[%clk 1:33:13]} 7... Nbd7 {[%clk 1:31:57]} 8. Qc2 {[%clk 1:33:16]} 8... h6 {
[%clk 1:31:42]} 9. Bh4 {[%clk 1:33:31]} 9... b6 {[%clk 1:32:02]} 10. Nge2 {
[%clk 1:33:43]} 10... Bb7 {[%clk 1:32:10]} 11. f3 11... Re8 {[%clk 1:30:42]}
12. Bf2 {[%clk 1:33:36]} 12... c5 {[%clk 1:27:36]} 13. g4 {[%clk 1:30:33]}
13... Nf8 {[%clk 1:15:00]} 14. Bb5 {[%clk 1:23:11]} 14... N8d7 {[%clk 1:13:15]}
15. h4 {[%clk 1:15:37]} 15... a6 {[%clk 1:11:03]} 16. Bd3 {[%clk 1:09:53]}
16... Nf8 {[%clk 1:06:40]} 17. g5 {[%clk 1:00:21]} 17... N6h7 {[%clk 1:02:03]}
18. gxh6 {[%clk 0:52:16]} 18... gxh6 {[%clk 1:02:25]} 19. O-O-O {[%clk 0:50:24]
} 19... Nf6 {[%clk 0:55:11]} 20. Rdg1+ {[%clk 0:43:49]} 20... Kh8 { [%clk
0:55:21]} 21. Rg2 {[%clk 0:42:21]} 21... Ne6 {[%clk 0:53:20]} 22. Rhg1 22...
Qd6 {[%clk 0:47:07]} 23. Bg3 {[%clk 0:32:53]} 23... Qd8 {[%clk 0:44:03]} 24.
Be5 {[%clk 0:30:00]} 24... Bd6 {[%clk 0:43:23]} 25. Bf5 {[%clk 0:29:44]} 25...
Qe7 {[%clk 0:28:25]} 26. Nf4 {[%clk 0:17:01]} 26... Bxe5 {[%clk 0:19:41]} 27.
dxe5 {[%clk 0:16:58]} 27... Nxf4 {[%clk 0:16:18]} 28. exf4 {[%clk 0:14:40]}
28... Nh5 {[%clk 0:12:39]} 29. Rg4 {[%clk 0:14:04]} 29... Rg8 {[%clk 0:12:10]}
30. Qg2 {[%clk 0:14:21]} 30... Qf8 {[%clk 0:09:21]} 31. Ne2 {[%clk 0:10:29]}
31... d4 {[%clk 0:06:57]} 32. Kd2 {[%clk 0:05:30]} 32... Bd5 {[%clk 0:06:09]}
33. a3 {[%clk 0:04:55]} 33... Rd8 {[%clk 0:04:59]} 34. Be4 {[%clk 0:03:19]}
34... Bc4 {[%clk 0:04:06]} 35. Bd3 {[%clk 0:02:58]} 35... Bxd3 {[%clk 0:04:01]}
36. Kxd3 {[%clk 0:03:20]} 36... b5 {[%clk 0:02:54]} 37. Rxg8+ {[%clk 0:02:55]}
37... Qxg8 {[%clk 0:03:07]} 38. Qxg8+ {[%clk 0:03:20]} 38... Rxg8 { [%clk
0:03:31]} 39. Rxg8+ {[%clk 0:03:46]} 39... Kxg8 {[%clk 0:03:54]} 40. b4 { [%clk
0:03:55]} 40... c4+ {[%clk 0:02:30]} 41. Kxd4 {[%clk 0:04:14]} 41... f6 { [%clk
0:28:02]} 42. Ke4 {[%clk 0:28:57]} 42... Kf7 {[%clk 0:27:39]} 43. Kd5 { [%clk
0:23:49]} 43... Ke7 {[%clk 0:26:29]} 44. e6 {[%clk 0:21:14]} 44... Ng7 { [%clk
0:26:38]} 45. Nd4 {[%clk 0:21:00]} 45... c3 {[%clk 0:25:36]} 46. f5 { [%clk
0:19:09]} 46... h5 {[%clk 0:15:28]} 47. Ke4 1/2-1/2

[Event "DVM U14 2020"]
[Site "Willingen GER"]
[Date "2021.06.24"]
[Round "2"]
[White "Link, Moritz"]
[Black "Melestean, Timur"]
[Result "0-1"]
[Termination "normal"]
[Board "7.2"]
[WhiteElo "1540"]
[BlackElo "1502"]
[WhiteClock "00:21:51"]
[BlackClock "00:56:14"]
[WhiteTeam "SV Schott Jena"]
[BlackTeam "Schachklub König Plauen"]
[PlyCount "52"]
[WhiteFideId "34605924"]
[BlackFideId "16280385"]
[EventCountry "GER"]
[EventRounds "7"]
[EventType "team-swiss"]
[EventDate "2021.06.23"]

1. e4 {[%clk 1:30:58]} 1... c6 {[%clk 1:30:46]} 2. d4 {[%clk 1:31:08]} 2... d5
{[%clk 1:31:00]} 3. exd5 {[%clk 1:31:36]} 3... cxd5 {[%clk 1:31:18]} 4. Bd3 {
[%clk 1:32:03]} 4... Nf6 {[%clk 1:31:40]} 5. c3 {[%clk 1:32:24]} 5... Bg4 {
[%clk 1:31:52]} 6. Qc2 {[%clk 1:30:51]} 6... e6 {[%clk 1:32:11]} 7. Bf4 { [%clk
1:29:44]} 7... Bd6 {[%clk 1:32:26]} 8. Bg3 {[%clk 1:29:43]} 8... Nc6 { [%clk
1:32:33]} 9. Nd2 {[%clk 1:28:19]} 9... a6 {[%clk 1:32:50]} 10. Ngf3 { [%clk
1:27:40]} 10... O-O {[%clk 1:32:44]} 11. O-O-O {[%clk 1:16:45]} 11... b5 {[%clk
1:32:38]} 12. Bh4 {[%clk 1:10:48]} 12... g6 {[%clk 1:31:03]} 13. Rde1 { [%clk
1:07:03]} 13... b4 {[%clk 1:31:13]} 14. c4 {[%clk 1:04:47]} 14... dxc4 { [%clk
1:31:09]} 15. Nxc4 {[%clk 1:04:42]} 15... Be7 {[%clk 1:31:22]} 16. Nce5 16...
Bxf3 {[%clk 1:30:17]} 17. Nxf3 {[%clk 0:44:51]} 17... Nxd4 { [%clk 1:30:35]}
18. Nxd4 {[%clk 0:44:21]} 18... Qxd4 {[%clk 1:30:55]} 19. Bxf6 {[%clk 0:44:21]}
19... Bxf6 {[%clk 1:31:16]} 20. Re4 {[%clk 0:43:59]} 20... Qd6 {[%clk 1:30:55]}
21. Kb1 {[%clk 0:41:32]} 21... Rfd8 {[%clk 1:30:26]} 22. Be2 { [%clk 0:40:06]}
22... Rac8 {[%clk 1:27:43]} 23. Qb3 {[%clk 0:35:53]} 23... Bg5 {[%clk 1:05:21]}
24. h4 {[%clk 0:26:41]} 24... Bh6 {[%clk 1:03:48]} 25. g4 { [%clk 0:25:30]}
25... Bf4 {[%clk 0:56:03]} 26. Qf3 {[%clk 0:21:51]} 26... Qd1+ {[%clk 0:56:14]}
0-1

[Event "DVM U14 2020"]
[Site "Willingen GER"]
[Date "2021.06.24"]
[Round "2"]
[White "Bühring, Marwin"]
[Black "Wagner, Alexander"]
[Result "1/2-1/2"]
[Termination "normal"]
[Board "7.3"]
[WhiteElo "1356"]
[BlackElo "1522"]
[WhiteClock "00:01:50"]
[BlackClock "00:22:21"]
[WhiteTeam "Schachklub König Plauen"]
[BlackTeam "SV Schott Jena"]
[PlyCount "109"]
[WhiteFideId "16281985"]
[EventCountry "GER"]
[EventRounds "7"]
[EventType "team-swiss"]
[EventDate "2021.06.23"]

1. e4 {[%clk 1:30:57]} 1... e5 {[%clk 1:30:57]} 2. Nf3 {[%clk 1:31:21]} 2...
Nc6 {[%clk 1:31:22]} 3. d4 {[%clk 1:31:46]} 3... exd4 {[%clk 1:31:39]} 4. Bc4 {
[%clk 1:32:10]} 4... Nf6 {[%clk 1:31:48]} 5. O-O {[%clk 1:32:31]} 5... Nxe4 {
[%clk 1:32:12]} 6. Re1 {[%clk 1:32:56]} 6... d5 {[%clk 1:32:35]} 7. Bxd5 {
[%clk 1:33:18]} 7... Qxd5 {[%clk 1:32:59]} 8. Nc3 {[%clk 1:33:43]} 8... Qh5 {
[%clk 1:33:17]} 9. Nxe4 {[%clk 1:34:02]} 9... Be6 {[%clk 1:33:38]} 10. Nxd4 {
[%clk 1:34:10]} 10... Qxd1 {[%clk 1:32:26]} 11. Rxd1 {[%clk 1:34:33]} 11... Rd8
{[%clk 1:32:32]} 12. Be3 {[%clk 1:34:29]} 12... Bd6 {[%clk 1:25:12]} 13. Nxc6 {
[%clk 1:26:25]} 13... bxc6 {[%clk 1:25:32]} 14. Rd4 {[%clk 1:26:00]} 14... O-O
{[%clk 1:23:06]} 15. Ra4 {[%clk 1:13:34]} 15... Bf5 {[%clk 1:19:20]} 16. c3 {
[%clk 1:01:53]} 16... Rfe8 {[%clk 1:08:09]} 17. Nxd6 {[%clk 1:00:51]} 17...
cxd6 {[%clk 1:08:01]} 18. Rxa7 {[%clk 1:00:16]} 18... c5 {[%clk 1:05:26]} 19.
Rd1 {[%clk 0:57:58]} 19... Bg4 {[%clk 0:59:36]} 20. Rd5 {[%clk 0:53:09]} 20...
Be6 {[%clk 0:57:52]} 21. Rd2 {[%clk 0:52:02]} 21... f5 {[%clk 0:58:08]} 22. Ra6
{[%clk 0:51:22]} 22... Bxa2 {[%clk 0:56:12]} 23. Rxa2 {[%clk 0:47:51]} 23... f4
{[%clk 0:56:36]} 24. Re2 {[%clk 0:47:26]} 24... fxe3 {[%clk 0:56:39]} 25. Rxe3
{[%clk 0:47:38]} 25... Rxe3 {[%clk 0:56:20]} 26. fxe3 {[%clk 0:47:55]} 26...
Kf7 {[%clk 0:52:24]} 27. Kf2 {[%clk 0:46:19]} 27... Rb8 {[%clk 0:51:54]} 28.
Kf3 {[%clk 0:45:36]} 28... Ke6 {[%clk 0:51:06]} 29. Ke4 {[%clk 0:43:50]} 29...
d5+ {[%clk 0:51:18]} 30. Kd3 {[%clk 0:43:19]} 30... Ke5 {[%clk 0:51:13]} 31. c4
{[%clk 0:43:13]} 31... Rb3+ {[%clk 0:51:28]} 32. Kc2 {[%clk 0:38:29]} 32...
Rxe3 {[%clk 0:50:45]} 33. Kd2 {[%clk 0:37:36]} 33... Re4 {[%clk 0:48:25]} 34.
cxd5 {[%clk 0:37:16]} 34... Kxd5 {[%clk 0:48:33]} 35. Ra5 {[%clk 0:35:28]}
35... g5 {[%clk 0:43:35]} 36. Kd3 {[%clk 0:33:19]} 36... Rd4+ {[%clk 0:42:24]}
37. Kc3 {[%clk 0:27:03]} 37... Rc4+ {[%clk 0:40:32]} 38. Kd3 {[%clk 0:25:40]}
38... h5 {[%clk 0:40:49]} 39. b3 {[%clk 0:20:51]} 39... Rd4+ {[%clk 0:40:40]}
40. Kc3 {[%clk 0:19:02]} 40... h4 {[%clk 0:37:00]} 41. Ra4 {[%clk 0:16:41]}
41... Rd1 {[%clk 0:32:01]} 42. Rg4 {[%clk 0:16:09]} 42... Rc1+ {[%clk 0:28:34]}
43. Kd2 {[%clk 0:15:11]} 43... Ra1 {[%clk 0:27:00]} 44. Rxg5+ {[%clk 0:14:34]}
44... Kc6 {[%clk 0:27:20]} 45. Kc3 {[%clk 0:13:36]} 45... Ra2 {[%clk 0:26:49]}
46. b4 {[%clk 0:11:19]} 46... cxb4+ {[%clk 0:25:25]} 47. Kxb4 {[%clk 0:09:42]}
47... h3 {[%clk 0:25:47]} 48. Kc4 {[%clk 0:05:44]} 48... Rc2+ {[%clk 0:25:46]}
49. Kd3 {[%clk 0:04:11]} 49... Rxg2 {[%clk 0:26:11]} 50. Rh5 {[%clk 0:04:09]}
50... Rxh2 {[%clk 0:24:34]} 51. Ke3 {[%clk 0:03:53]} 51... Rb2 {[%clk 0:24:55]}
52. Kf3 {[%clk 0:02:55]} 52... h2 {[%clk 0:23:07]} 53. Kg3 {[%clk 0:01:44]}
53... Kd6 {[%clk 0:22:02]} 54. Rxh2 {[%clk 0:01:50]} 54... Rxh2 {[%clk 0:22:21]
} 55. Kxh2 1/2-1/2

[Event "DVM U14 2020"]
[Site "Willingen GER"]
[Date "2021.06.24"]
[Round "2"]
[White "Junge, Mattheo Gabriel"]
[Black "Deiters, Clemens"]
[Result "1-0"]
[Termination "normal"]
[Board "7.4"]
[WhiteElo "1267"]
[BlackElo "1361"]
[WhiteClock "01:20:23"]
[BlackClock "00:54:10"]
[WhiteTeam "SV Schott Jena"]
[BlackTeam "Schachklub König Plauen"]
[PlyCount "73"]
[WhiteFideId "34605908"]
[BlackFideId "16240243"]
[EventCountry "GER"]
[EventRounds "7"]
[EventType "team-swiss"]
[EventDate "2021.06.23"]

1. e4 {[%clk 1:30:58]} 1... c5 {[%clk 1:30:53]} 2. Nf3 {[%clk 1:31:24]} 2... e6
{[%clk 1:31:16]} 3. d4 {[%clk 1:31:33]} 3... cxd4 {[%clk 1:31:39]} 4. Nxd4 {
[%clk 1:31:57]} 4... Nc6 {[%clk 1:32:02]} 5. Nc3 {[%clk 1:32:14]} 5... Qc7 {
[%clk 1:32:21]} 6. Ndb5 {[%clk 1:31:54]} 6... Qb8 {[%clk 1:32:34]} 7. Be3 {
[%clk 1:31:43]} 7... a6 8. Bb6 {[%clk 1:20:33]} 8... axb5 {[%clk 1:30:14]} 9.
Nxb5 {[%clk 1:20:46]} 9... Be7 {[%clk 1:29:21]} 10. Bc7 {[%clk 1:21:01]} 10...
Nf6 {[%clk 1:28:04]} 11. Bd3 {[%clk 1:20:56]} 11... O-O {[%clk 1:27:28]} 12.
O-O {[%clk 1:20:59]} 12... Ra5 {[%clk 1:26:17]} 13. Bxb8 {[%clk 1:21:14]} 13...
Nxb8 14. Qf3 {[%clk 1:20:57]} 14... Nc6 {[%clk 1:26:20]} 15. Rfe1 15... Ne5 {
[%clk 1:18:56]} 16. Qh3 {[%clk 1:20:49]} 16... Bc5 {[%clk 1:13:40]} 17. Kf1 {
[%clk 1:19:59]} 17... h6 {[%clk 1:10:00]} 18. a4 {[%clk 1:19:28]} 18... d5 {
[%clk 1:06:34]} 19. f4 {[%clk 1:19:12]} 19... Nxd3 {[%clk 1:03:42]} 20. cxd3 {
[%clk 1:19:05]} 20... e5 {[%clk 1:02:27]} 21. f5 {[%clk 1:19:13]} 21... d4 {
[%clk 1:02:17]} 22. Rec1 {[%clk 1:18:39]} 22... Bb6 {[%clk 1:01:57]} 23. b4 {
[%clk 1:18:48]} 23... Ra8 {[%clk 1:02:14]} 24. a5 {[%clk 1:19:06]} 24... Bd8 {
[%clk 1:02:30]} 25. Nd6 {[%clk 1:19:16]} 25... Be7 {[%clk 1:02:07]} 26. Nxb7 {
[%clk 1:18:39]} 26... Bxb4 {[%clk 1:02:01]} 27. a6 {[%clk 1:18:39]} 27... Nxe4
{[%clk 1:01:14]} 28. dxe4 28... Bc3 {[%clk 1:01:11]} 29. Rxc3 {[%clk 1:18:42]}
29... dxc3 {[%clk 1:01:36]} 30. Qxc3 {[%clk 1:19:02]} 30... Re8 {[%clk 1:01:21]
} 31. Nd6 {[%clk 1:19:08]} 31... Bxa6+ {[%clk 1:01:18]} 32. Rxa6 { [%clk
1:19:24]} 32... Rxa6 {[%clk 1:01:34]} 33. Nxe8 {[%clk 1:19:47]} 33... Ra8
{[%clk 1:01:41]} 34. Qxe5 {[%clk 1:20:08]} 34... Rd8 {[%clk 1:01:09]} 35. f6 {
[%clk 1:20:17]} 35... g6 {[%clk 0:53:54]} 36. Qf4 {[%clk 1:20:23]} 36... Kh7 {
[%clk 0:54:10]} 37. Qc7 {[%clk 1:20:23]} 1-0

[Event "DVM U14 2020"]
[Site "Willingen GER"]
[Date "2021.06.24"]
[Round "2"]
[White "Klaska, Philipp Leon"]
[Black "Schwartz, Oliver"]
[Result "1-0"]
[Termination "normal"]
[Board "8.1"]
[WhiteElo "1755"]
[BlackElo "1835"]
[WhiteClock "00:20:23"]
[BlackClock "00:00:31"]
[WhiteTeam "Düsseldorfer Schachverein 1854"]
[BlackTeam "SC Ostfildern 1952 e.V."]
[PlyCount "81"]
[WhiteFideId "16238044"]
[BlackFideId "16207459"]
[EventCountry "GER"]
[EventRounds "7"]
[EventType "team-swiss"]
[EventDate "2021.06.23"]

1. e4 {[%clk 1:30:54]} 1... c5 {[%clk 1:30:53]} 2. Nf3 {[%clk 1:31:11]} 2...
Nc6 {[%clk 1:31:16]} 3. d4 {[%clk 1:31:18]} 3... cxd4 {[%clk 1:31:42]} 4. Nxd4
{[%clk 1:31:27]} 4... Nf6 {[%clk 1:32:04]} 5. Nc3 {[%clk 1:31:12]} 5... e5 {
[%clk 1:32:22]} 6. Ndb5 {[%clk 1:30:55]} 6... d6 {[%clk 1:32:43]} 7. Bg5 {
[%clk 1:29:48]} 7... a6 {[%clk 1:33:00]} 8. Na3 {[%clk 1:29:16]} 8... b5 {
[%clk 1:33:20]} 9. Nd5 {[%clk 1:28:59]} 9... Be7 {[%clk 1:33:41]} 10. Bxf6 {
[%clk 1:28:13]} 10... Bxf6 {[%clk 1:34:04]} 11. c4 {[%clk 1:26:40]} 11... b4 {
[%clk 1:34:26]} 12. Nc2 {[%clk 1:26:46]} 12... O-O {[%clk 1:34:47]} 13. Qf3 {
[%clk 1:26:09]} 13... Be6 {[%clk 1:29:53]} 14. Be2 {[%clk 1:23:33]} 14... Rc8 {
[%clk 1:22:13]} 15. Rd1 {[%clk 1:16:04]} 15... Bg5 {[%clk 1:17:33]} 16. h4 {
[%clk 1:14:35]} 16... Bh6 {[%clk 1:16:03]} 17. g4 {[%clk 1:09:44]} 17... g6 {
[%clk 1:09:16]} 18. g5 {[%clk 1:04:00]} 18... Bg7 {[%clk 1:08:39]} 19. Qg3 {
[%clk 1:00:00]} 19... Qa5 {[%clk 1:02:25]} 20. Rd2 {[%clk 0:53:27]} 20... Qxa2
{[%clk 0:59:21]} 21. h5 {[%clk 0:52:10]} 21... Qxb2 {[%clk 0:42:47]} 22. Ncxb4
{[%clk 0:49:05]} 22... Qa1+ {[%clk 0:37:22]} 23. Rd1 {[%clk 0:42:13]} 23... Qa5
{[%clk 0:36:38]} 24. Kf1 {[%clk 0:41:34]} 24... Rfe8 {[%clk 0:30:13]} 25. Nxc6
{[%clk 0:35:38]} 25... Rxc6 {[%clk 0:30:27]} 26. hxg6 {[%clk 0:34:53]} 26...
fxg6 {[%clk 0:28:37]} 27. Kg2 {[%clk 0:32:18]} 27... Qd8 {[%clk 0:19:18]} 28.
Rh4 {[%clk 0:30:46]} 28... Rf8 {[%clk 0:18:17]} 29. Rdh1 {[%clk 0:29:50]} 29...
Bxd5 {[%clk 0:17:18]} 30. exd5 {[%clk 0:28:27]} 30... Rb6 {[%clk 0:16:54]} 31.
Bg4 {[%clk 0:28:17]} 31... Re8 {[%clk 0:10:22]} 32. Rxh7 {[%clk 0:27:13]} 32...
Rb2 {[%clk 0:08:43]} 33. Qh4 {[%clk 0:26:55]} 33... Qc7 {[%clk 0:02:03]} 34.
Qh3 {[%clk 0:24:28]} 34... Kf8 {[%clk 0:00:37]} 35. Be6 {[%clk 0:24:01]} 35...
e4 {[%clk 0:00:32]} 36. Qg4 {[%clk 0:22:48]} 36... Rxf2+ {[%clk 0:00:31]} 37.
Kxf2 {[%clk 0:21:58]} 37... Qb6+ {[%clk 0:01:00]} 38. Kg2 {[%clk 0:20:50]}
38... Qb2+ {[%clk 0:00:48]} 39. Kh3 {[%clk 0:20:28]} 39... Rxe6 {[%clk 0:00:31]
} 40. dxe6 {[%clk 0:20:21]} 40... Qc3+ {[%clk 0:00:31]} 41. Qg3 {[%clk 0:20:23]
} 1-0

[Event "DVM U14 2020"]
[Site "Willingen GER"]
[Date "2021.06.24"]
[Round "2"]
[White "Chugunov, Ivan"]
[Black "Dordevic, Tom"]
[Result "0-1"]
[Termination "normal"]
[Board "8.2"]
[WhiteElo "1500"]
[BlackElo "1556"]
[WhiteClock "00:50:49"]
[BlackClock "00:29:24"]
[WhiteTeam "SC Ostfildern 1952 e.V."]
[BlackTeam "Düsseldorfer Schachverein 1854"]
[PlyCount "70"]
[WhiteFideId "16256808"]
[BlackFideId "16260503"]
[EventCountry "GER"]
[EventRounds "7"]
[EventType "team-swiss"]
[EventDate "2021.06.23"]

1. d4 d5 2. c4 e6 3. Nc3 Nf6 4. Nf3 Be7 5. Bf4 a6 6. e3 Nbd7 7. cxd5 exd5 8.
Qb3 Nf8 9. Bd3 Ng6 10. Bg3 O-O 11. O-O 11... b6 {[%clk 1:27:21]} 12. Rfc1 {
[%clk 1:30:41]} 12... c5 {[%clk 1:25:51]} 13. dxc5 {[%clk 1:23:12]} 13... bxc5
{[%clk 1:26:11]} 14. Qc2 {[%clk 1:23:19]} 14... c4 {[%clk 1:24:10]} 15. Be2 {
[%clk 1:23:17]} 15... Be6 {[%clk 1:18:44]} 16. Nd4 {[%clk 1:21:48]} 16... Bd6 {
[%clk 1:17:01]} 17. Bf3 {[%clk 1:18:16]} 17... Bxg3 {[%clk 1:16:44]} 18. hxg3 {
[%clk 1:18:36]} 18... Rc8 {[%clk 1:15:36]} 19. Nce2 {[%clk 1:13:20]} 19... Re8
{[%clk 1:07:45]} 20. Nf4 {[%clk 1:11:44]} 20... Ne5 {[%clk 1:04:21]} 21. Be2 {
[%clk 1:10:48]} 21... Ne4 {[%clk 0:58:32]} 22. Nf3 {[%clk 1:10:31]} 22... Ng4 {
[%clk 0:57:55]} 23. Nh3 {[%clk 1:08:42]} 23... Qf6 {[%clk 0:54:56]} 24. Rf1 {
[%clk 1:07:43]} 24... Nxg3 {[%clk 0:50:11]} 25. fxg3 {[%clk 1:07:41]} 25...
Nxe3 {[%clk 0:50:32]} 26. Qd2 {[%clk 1:07:26]} 26... Nxf1 {[%clk 0:50:24]} 27.
Rxf1 {[%clk 1:07:48]} 27... Bxh3 28. gxh3 {[%clk 1:08:00]} 28... Qe6 { [%clk
0:48:08]} 29. Nd4 {[%clk 1:07:23]} 29... Qb6 {[%clk 0:43:44]} 30. Kh1 { [%clk
1:06:33]} 30... Rb8 {[%clk 0:37:11]} 31. Rb1 {[%clk 1:04:56]} 31... Re4 { [%clk
0:31:47]} 32. Nc2 {[%clk 1:02:18]} 32... Qf2 {[%clk 0:29:29]} 33. Re1 { [%clk
0:56:14]} 33... Rbe8 {[%clk 0:28:48]} 34. Qxd5 {[%clk 0:50:36]} 34... Rxe2
{[%clk 0:29:00]} 35. Rxe2 {[%clk 0:50:49]} 35... Qf1+ {[%clk 0:29:24]} 0-1

[Event "DVM U14 2020"]
[Site "Willingen GER"]
[Date "2021.06.24"]
[Round "2"]
[White "Krishnachandran, Srihari"]
[Black "Walter, Romeo"]
[Result "1-0"]
[Termination "normal"]
[Board "8.3"]
[WhiteElo "1323"]
[BlackElo "1486"]
[WhiteClock "01:19:10"]
[BlackClock "00:39:34"]
[WhiteTeam "Düsseldorfer Schachverein 1854"]
[BlackTeam "SC Ostfildern 1952 e.V."]
[PlyCount "111"]
[WhiteFideId "34605932"]
[BlackFideId "16275055"]
[EventCountry "GER"]
[EventRounds "7"]
[EventType "team-swiss"]
[EventDate "2021.06.23"]

1. d4 d5 2. Nc3 e6 3. e4 3... Nf6 {[%clk 1:31:34]} 4. f4 {[%clk 1:31:55]} 4...
Nfd7 {[%clk 1:32:01]} 5. e5 {[%clk 1:32:18]} 5... c5 {[%clk 1:32:05]} 6. Nf3 {
[%clk 1:32:43]} 6... Nc6 {[%clk 1:32:24]} 7. Be3 {[%clk 1:33:07]} 7... Qb6 8.
a3 {[%clk 1:32:57]} 8... Be7 {[%clk 1:22:30]} 9. Be2 {[%clk 1:33:02]} 9... O-O
{[%clk 1:22:44]} 10. O-O {[%clk 1:33:06]} 10... a6 {[%clk 1:16:22]} 11. Na4 {
[%clk 1:28:59]} 11... Qa7 {[%clk 1:14:20]} 12. dxc5 {[%clk 1:28:55]} 12... Rd8
{[%clk 1:05:25]} 13. b4 {[%clk 1:27:26]} 13... f6 {[%clk 1:02:28]} 14. exf6 {
[%clk 1:26:21]} 14... Bxf6 {[%clk 1:02:18]} 15. Nd4 {[%clk 1:26:42]} 15... e5 {
[%clk 0:56:26]} 16. fxe5 {[%clk 1:26:29]} 16... Bxe5 {[%clk 0:55:25]} 17. c3 {
[%clk 1:26:24]} 17... Nf6 {[%clk 0:54:28]} 18. Bf4 {[%clk 1:23:42]} 18... Qb8 {
[%clk 0:52:24]} 19. Bxe5 {[%clk 1:23:08]} 19... Qxe5 {[%clk 0:51:51]} 20. Nb6 {
[%clk 1:23:02]} 20... Rb8 {[%clk 0:50:11]} 21. Nxc6 {[%clk 1:21:12]} 21... bxc6
{[%clk 0:50:12]} 22. Nxc8 {[%clk 1:20:54]} 22... Rbxc8 {[%clk 0:48:38]} 23.
Bxa6 {[%clk 1:21:05]} 23... Rc7 {[%clk 0:47:41]} 24. Qd4 {[%clk 1:21:09]} 24...
Qg5 {[%clk 0:45:51]} 25. Bd3 {[%clk 1:20:15]} 25... Re7 {[%clk 0:45:15]} 26.
Rf5 {[%clk 1:18:44]} 26... Qd2 {[%clk 0:38:14]} 27. Rxf6 {[%clk 1:15:07]} 27...
Re1+ {[%clk 0:35:42]} 28. Rf1 {[%clk 1:15:22]} 28... Qe3+ {[%clk 0:32:57]} 29.
Qxe3 {[%clk 1:15:34]} 29... Rxe3 {[%clk 0:33:24]} 30. Rf3 {[%clk 1:15:57]}
30... Rde8 {[%clk 0:33:48]} 31. Kf2 {[%clk 1:15:57]} 31... R3e5 {[%clk 0:33:34]
} 32. a4 {[%clk 1:15:46]} 32... g5 33. Rf5 {[%clk 1:15:33]} 33... Re3 { [%clk
0:33:52]} 34. Rxg5+ {[%clk 1:15:53]} 34... Kh8 {[%clk 0:34:05]} 35. Rg3 { [%clk
1:16:09]} 35... R3e7 {[%clk 0:34:23]} 36. Ra2 {[%clk 1:15:55]} 36... Rf7+
{[%clk 0:34:27]} 37. Rf3 {[%clk 1:16:14]} 37... Rg7 {[%clk 0:34:35]} 38. Re2 {
[%clk 1:16:30]} 38... Reg8 {[%clk 0:34:56]} 39. g3 {[%clk 1:16:31]} 39... Rg4 {
[%clk 0:35:13]} 40. Rf7 {[%clk 1:16:41]} 40... R4g7 {[%clk 0:35:30]} 41. Ree7 {
[%clk 1:16:42]} 41... Rxf7+ {[%clk 0:35:35]} 42. Rxf7 {[%clk 1:17:04]} 42...
Ra8 {[%clk 0:35:51]} 43. Rxh7+ {[%clk 1:17:23]} 43... Kg8 {[%clk 0:36:10]} 44.
a5 {[%clk 1:17:38]} 44... Rf8+ {[%clk 0:36:33]} 45. Kg2 {[%clk 1:18:06]} 45...
Re8 {[%clk 0:36:52]} 46. Rh4 {[%clk 1:17:47]} 46... Re3 {[%clk 0:37:08]} 47.
Rd4 {[%clk 1:18:13]} 47... Kf7 {[%clk 0:37:31]} 48. a6 48... Re7 { [%clk
0:37:47]} 49. Rh4 {[%clk 1:18:45]} 49... Ke6 {[%clk 0:38:05]} 50. Rh6+ { [%clk
1:18:03]} 50... Ke5 {[%clk 0:38:19]} 51. Rxc6 {[%clk 1:18:32]} 51... d4 { [%clk
0:38:41]} 52. cxd4+ 52... Kxd4 {[%clk 0:39:04]} 53. Rd6+ {[%clk 1:18:51]} 53...
Kc3 {[%clk 0:39:20]} 54. b5 Re1 55. a7 {[%clk 1:18:54]} 55... Ra1 { [%clk
0:39:34]} 56. Ra6 {[%clk 1:19:10]} 1-0